Estudio de materiales / (Record no. 26745)
[ view plain ]
| 000 -LEADER | |
|---|---|
| campo de control de longitud fija | 00902nam a2200205 i 4500 |
| 001 - NÚMERO DE CONTROL | |
| campo de control | 26745 |
| 003 - IDENTIFICADOR DE NÚMERO DE CONTROL | |
| campo de control | ES-MaACL |
| 005 - FECHA Y HORA DE LA ÚLTIMA TRANSACCIÓN | |
| campo de control | 20230906153508.0 |
| 007 - CAMPO FIJO DE DESCRIPCIÓN FÍSICA--INFORMACIÓN GENERAL | |
| campo de control de longitud fija | t| |
| 008 - DATOS DE LONGITUD FIJA--INFORMACIÓN GENERAL | |
| campo de control de longitud fija | 030110m19721976sp ||||1| spa d |
| 100 1# - ENTRADA PRINCIPAL--NOMBRE DE PERSONA | |
| Nombre de persona | Arredondo, F. |
| 9 (RLIN) | 23238 |
| 245 10 - MENCIÓN DEL TÍTULO | |
| Título | Estudio de materiales / |
| Mención de responsabilidad, etc. | por F. Arredondo y F. Soria. |
| 250 ## - MENCION DE EDICION | |
| Mención de edición | [4ª ed.]. |
| 260 ## - PUBLICACIÓN, DISTRIBUCIÓN, ETC. | |
| Lugar de publicación, distribución, etc. | Madrid : |
| Nombre del editor, distribuidor, etc. | Instituto Eduardo Torroja de la Construcción y del Cemento, |
| Fecha de publicación, distribución, etc. | 1972-1976. |
| 300 ## - DESCRIPCIÓN FÍSICA | |
| Extensión | 8 v. : |
| Otras características físicas | il. ; |
| Dimensiones | 23 cm. |
| 505 8# - NOTA DE CONTENIDO CON FORMATO | |
| Nota de contenido con formato | Contiene: V. I: Las rocas en la construcción. -- V. II: El yeso. -- V. III: Cales. -- V. IV: Conglomerantes Hidráulicos. -- V. V: Hormigones. -- V. VI: Cerámica y vidrio. -- V: VII: Agotado. -- V. VIII: Madera y corcho. -- V. IX: Materiales bituminosos. |
| 700 1# - ENTRADA AGREGADA--NOMBRE PERSONAL | |
| Nombre de persona | Soria, F. |
| 9 (RLIN) | 107350 |
| 710 2# - ENTRADA AGREGADA--NOMBRE DE ENTIDAD CORPORATIVA | |
| Nombre de entidad corporativa o nombre de jurisdicción como elemento de entrada | Instituto Eduardo Torroja de la Construcción y del Cemento. |
| 9 (RLIN) | 5030 |
| 852 ## - LOCALIZACIÓN | |
| Ubicación | ES-MaACL |
| Número de control de estantería | A-6492-99 |
| Sublocalización o colección | R.95256 |
| Estatus retirado | Estado de pérdida | Estado de daño | No para préstamo | Biblioteca de origen | Biblioteca actual | Ubicación en estantería | Fecha de adquisición | Fuente de adquisición | Total de préstamos | Signatura topográfica completa | Código de barras | Visto por última vez | Precio de reemplazo | Tipo de ítem Koha |
|---|---|---|---|---|---|---|---|---|---|---|---|---|---|---|
| Biblioteca del Ateneo de Madrid | Biblioteca del Ateneo de Madrid | Sala Pecera Planta 1 | 17/01/2008 | A-6492-99 | 1027602 | 23/02/2023 | 23/02/2023 | Libro impreso |
